Normal view
MARC view
Entry Geographic Name
001 - CONTROL NUMBER
- control field: 41053
003 - CONTROL NUMBER IDENTIFIER
- control field: ARRUPE
005 - DATE AND TIME OF LATEST TRANSACTION
- control field: 20180326120845.0
008 - FIXED-LENGTH DATA ELEMENTS
- fixed length control field: 180326|| aca||aabn | a|a d
040 ## - CATALOGING SOURCE
- Original cataloging agency: ARRUPE
- Transcribing agency: ARRUPE
151 ## - HEADING--GEOGRAPHIC NAME
- Geographic name: Bulgaria
- General subdivision: Politics and government
- Chronological subdivision: 1990-
670 ## - SOURCE DATA FOUND
- Source citation: Work cat.: (ARRUPE)0: Melone, Albert P. 41046, Creating parliamentary government :, c1998.